[Event "Grand Swiss "]
[Date "2025.09.06"]
[White "Mishra, Abhimanyu"]
[Black "Yu, Yangyi"]
[WhiteElo "2611"]
[BlackElo "2714"]
[Round "3.3.10"]
[Result "1-0"]

1. e4 {[%clk 01:40:59]} e5 {[%clk 01:40:46] [%emt 00:00:14]} 2. Nf3 {[%clk
01:41:22] [%emt 00:00:07]} Nf6 {[%clk 01:40:19] [%emt 00:00:57]} 3. Nxe5 {[%clk
01:41:44] [%emt 00:00:08]} d6 {[%clk 01:40:40] [%emt 00:00:09]} 4. Nf3 {[%clk
01:42:08] [%emt 00:00:06]} Nxe4 {[%clk 01:41:00] [%emt 00:00:10]} 5. Nc3 {[%clk
01:42:26] [%emt 00:00:12]} Nxc3 {[%clk 01:40:20] [%emt 00:01:10]} 6. dxc3 {[%clk
01:42:54] [%emt 00:00:03]} Be7 {[%clk 01:40:23] [%emt 00:00:27]} 7. Be3 {[%clk
01:43:17] [%emt 00:00:08]} Nd7 {[%clk 01:38:09] [%emt 00:02:44]} 8. Qd2 {[%clk
01:43:17] [%emt 00:00:31]} O-O {[%clk 01:34:59] [%emt 00:03:38]} 9. O-O-O {[%clk
01:43:14] [%emt 00:00:34]} Nf6 {[%clk 01:35:18] [%emt 00:00:11]} 10. Bd3 {[%clk
01:42:55] [%emt 00:00:49]} Re8 {[%clk 01:35:08] [%emt 00:00:40]} 11. Rhe1 {[%clk
01:40:23] [%emt 00:03:02]} Bg4 {[%clk 01:30:48] [%emt 00:04:51]} 12. Bg5 {[%clk
01:37:18] [%emt 00:03:35]} Qd7 {[%clk 01:28:16] [%emt 00:03:01]} 13. h3 {[%clk
01:37:19] [%emt 00:00:29]} Bf5 {[%clk 01:25:07] [%emt 00:03:39]} 14. g4 {[%clk
01:37:10] [%emt 00:00:39]} Bxd3 {[%clk 01:08:26] [%emt 00:17:12]} 15. Qxd3
{[%clk 01:37:29] [%emt 00:00:11]} h6 {[%clk 01:02:35] [%emt 00:06:21]} 16. Be3
{[%clk 01:37:15] [%emt 00:00:44]} Bf8 {[%clk 00:52:54] [%emt 00:10:10]} 17. Rg1
{[%clk 01:22:34] [%emt 00:15:11]} Qe6 {[%clk 00:35:55] [%emt 00:17:29]} 18. g5
{[%clk 01:07:10] [%emt 00:15:55]} Ne4 {[%clk 00:36:03] [%emt 00:00:22]} 19. Kb1
{[%clk 01:05:24] [%emt 00:02:15]} hxg5 {[%clk 00:35:50] [%emt 00:00:43]} 20.
Nxg5 {[%clk 01:04:50] [%emt 00:01:03]} Nxg5 {[%clk 00:36:13] [%emt 00:00:07]}
21. Rxg5 {[%clk 01:00:21] [%emt 00:05:00]} Qe4 {[%clk 00:36:16] [%emt 00:00:28]}
22. Qe2 {[%clk 00:54:43] [%emt 00:06:07]} Re5 {[%clk 00:35:39] [%emt 00:01:08]}
23. Rg4 {[%clk 00:50:26] [%emt 00:04:47]} Qf5 {[%clk 00:36:03] [%emt 00:00:06]}
24. Rdg1 {[%clk 00:45:36] [%emt 00:05:19]} Rae8 {[%clk 00:36:24] [%emt
00:00:09]} 25. h4 {[%clk 00:43:09] [%emt 00:02:57]} c5 {[%clk 00:27:52] [%emt
00:09:02]} 26. h5 {[%clk 00:34:56] [%emt 00:08:43]} d5 {[%clk 00:21:42] [%emt
00:06:41]} 27. Qd1 {[%clk 00:32:52] [%emt 00:02:33]} b6 {[%clk 00:19:30] [%emt
00:02:42]} 28. a3 {[%clk 00:28:12] [%emt 00:05:10]} Qxh5 {[%clk 00:18:56] [%emt
00:01:04]} 29. f4 {[%clk 00:16:41] [%emt 00:12:01]} Qxg4 {[%clk 00:10:37] [%emt
00:08:48]} 30. Rxg4 {[%clk 00:16:54] [%emt 00:00:17]} Rxe3 {[%clk 00:11:03]
[%emt 00:00:04]} 31. Qxd5 {[%clk 00:17:14] [%emt 00:00:11]} R3e6 {[%clk
00:11:23] [%emt 00:00:09]} 32. f5 {[%clk 00:14:35] [%emt 00:03:09]} Rh6 {[%clk
00:09:16] [%emt 00:02:37]} 33. Rg1 {[%clk 00:08:38] [%emt 00:06:26]} Rd6 {[%clk
00:08:36] [%emt 00:01:11]} 34. Qf3 {[%clk 00:05:57] [%emt 00:03:10]} Rf6 {[%clk
00:08:11] [%emt 00:00:55]} 35. Qd5 {[%clk 00:05:32] [%emt 00:00:55]} Rd6 {[%clk
00:08:25] [%emt 00:00:17]} 36. Qb7 {[%clk 00:05:39] [%emt 00:00:23]} a5 {[%clk
00:08:20] [%emt 00:00:34]} 37. Qf3 {[%clk 00:05:24] [%emt 00:00:45]} Rf6 {[%clk
00:08:20] [%emt 00:00:31]} 38. Rg5 {[%clk 00:03:06] [%emt 00:02:48]} Re5 {[%clk
00:07:36] [%emt 00:01:14]} 39. Qh3 {[%clk 00:02:11] [%emt 00:01:25]} g6 {[%clk
00:02:43] [%emt 00:05:23]} 40. fxg6 {[%clk 00:01:53] [%emt 00:00:48]} Re1+
{[%clk 00:03:08] [%emt 00:00:05]} 41. Ka2 {[%clk 00:02:18] [%emt 00:00:06]} fxg6
{[%clk 00:00:34] [%emt 00:03:04]} 42. c4 {[%clk 00:39:42] [%emt 00:13:05]} Re4
{[%clk 00:46:16] [%emt 00:04:48]} 43. Qd3 {[%clk 00:38:43] [%emt 00:01:29]} Ree6
{[%clk 00:46:36] [%emt 00:00:10]} 44. Qd7 {[%clk 00:34:10] [%emt 00:05:01]} Rd6
{[%clk 00:43:15] [%emt 00:03:53]} 45. Qc8 {[%clk 00:34:10] [%emt 00:00:30]} Rc6
{[%clk 00:43:06] [%emt 00:00:39]} 46. Qg4 {[%clk 00:33:59] [%emt 00:00:40]} Rce6
{[%clk 00:41:26] [%emt 00:02:10]} 47. Rd5 {[%clk 00:32:09] [%emt 00:02:20]} Rd6
{[%clk 00:36:50] [%emt 00:05:07]} 48. Re5 {[%clk 00:29:12] [%emt 00:03:28]} Kf7
{[%clk 00:37:04] [%emt 00:00:15]} 49. Re2 {[%clk 00:28:48] [%emt 00:00:54]} Rfe6
{[%clk 00:31:18] [%emt 00:06:17]} 50. Rf2+ {[%clk 00:27:47] [%emt 00:01:30]} Rf6
{[%clk 00:30:52] [%emt 00:00:56]} 51. Re2 {[%clk 00:25:16] [%emt 00:03:01]} Rde6
{[%clk 00:26:29] [%emt 00:04:53]} 52. Rh2 {[%clk 00:24:19] [%emt 00:01:26]} Kg8
{[%clk 00:25:19] [%emt 00:01:41]} 53. Qg2 {[%clk 00:20:35] [%emt 00:04:13]} Rd6
{[%clk 00:22:16] [%emt 00:03:33]} 54. Kb3 {[%clk 00:19:30] [%emt 00:01:34]} Bg7
{[%clk 00:20:26] [%emt 00:02:21]} 55. c3 {[%clk 00:16:43] [%emt 00:03:17]} Bf8
{[%clk 00:16:32] [%emt 00:04:24]} 56. Rh4 {[%clk 00:15:20] [%emt 00:01:53]} Bg7
{[%clk 00:13:26] [%emt 00:03:36]} 57. Qb7 {[%clk 00:13:08] [%emt 00:02:41]} Rfe6
{[%clk 00:07:46] [%emt 00:06:08]} 58. Qc8+ {[%clk 00:11:29] [%emt 00:02:10]} Bf8
{[%clk 00:07:41] [%emt 00:00:36]} 59. Rf4 {[%clk 00:11:29] [%emt 00:00:30]} Rf6
{[%clk 00:08:09] [%emt 00:00:02]} 60. Re4 {[%clk 00:11:50] [%emt 00:00:09]} Rc6
{[%clk 00:05:15] [%emt 00:03:23]} 61. Qe8 {[%clk 00:10:43] [%emt 00:01:35]} Rc7
{[%clk 00:02:50] [%emt 00:02:58]} 62. Ka4 {[%clk 00:03:31] [%emt 00:07:43]} Rcf7
{[%clk 00:02:57] [%emt 00:00:23]} 63. Re2 {[%clk 00:03:02] [%emt 00:00:58]} Kg7
{[%clk 00:02:52] [%emt 00:00:35]} 64. Kb5 {[%clk 00:01:45] [%emt 00:01:47]} Rd6
{[%clk 00:00:59] [%emt 00:02:23]} 65. Qb8 {[%clk 00:14:15] [%emt 00:02:59]} Rdf6
{[%clk 00:15:51] [%emt 00:00:38]} 66. Rd2 {[%clk 00:13:53] [%emt 00:00:53]} Re6
{[%clk 00:15:03] [%emt 00:01:18]} 67. b3 {[%clk 00:11:04] [%emt 00:03:20]} Ref6
{[%clk 00:13:58] [%emt 00:01:35]} 68. Rd3 {[%clk 00:11:22] [%emt 00:00:11]} Re6
{[%clk 00:13:32] [%emt 00:00:56]} 69. Rd2 {[%clk 00:11:26] [%emt 00:00:26]} Ref6
{[%clk 00:13:54] [%emt 00:00:08]} 70. Rd8 {[%clk 00:11:34] [%emt 00:00:23]} Re6
{[%clk 00:12:33] [%emt 00:01:51]} 71. a4 {[%clk 00:09:26] [%emt 00:02:38]} Ref6
{[%clk 00:11:27] [%emt 00:01:36]} 72. Qe5 {[%clk 00:08:13] [%emt 00:01:42]} Kh7
{[%clk 00:05:25] [%emt 00:06:32]} 73. Qh2+ {[%clk 00:08:06] [%emt 00:00:37]} Bh6
{[%clk 00:05:36] [%emt 00:00:19]} 74. Rb8 {[%clk 00:04:55] [%emt 00:03:42]} Rf2
{[%clk 00:05:32] [%emt 00:00:34]} 75. Qh1 {[%clk 00:03:19] [%emt 00:02:06]} Rf1
{[%clk 00:05:22] [%emt 00:00:41]} 76. Qe4 {[%clk 00:02:51] [%emt 00:00:57]} R1f4
{[%clk 00:02:04] [%emt 00:03:49]} 77. Qe6 {[%clk 00:02:15] [%emt 00:01:05]} R4f6
{[%clk 00:01:57] [%emt 00:00:37]} 78. Qc8 {[%clk 00:02:23] [%emt 00:00:22]} Rf8
{[%clk 00:00:47] [%emt 00:01:40]} 79. Rb7+ {[%clk 00:02:32] [%emt 00:00:21]} Kg8
{[%clk 00:01:08] [%emt 00:00:10]} 80. Qd7 {[%clk 00:02:10] [%emt 00:00:52]} R8f7
{[%clk 00:01:25] [%emt 00:00:13]} 81. Qe8+ {[%clk 00:02:14] [%emt 00:00:25]} Rf8
{[%clk 00:01:41] [%emt 00:00:14]} 82. Qe4 {[%clk 00:01:47] [%emt 00:00:57]} Bg7
{[%clk 00:01:21] [%emt 00:00:51]} 83. Rxb6 {[%clk 00:01:54] [%emt 00:00:22]}
Rxb6+ {[%clk 00:01:18] [%emt 00:00:32]} 84. Kxb6 {[%clk 00:02:23] [%emt
00:00:01]} Rb8+ {[%clk 00:01:37] [%emt 00:00:11]} 85. Kxc5 {[%clk 00:02:14]
[%emt 00:00:39]} Kh7 {[%clk 00:01:23] [%emt 00:00:44]} 86. Qc2 {[%clk 00:02:18]
[%emt 00:00:25]} Rf8 {[%clk 00:00:44] [%emt 00:01:09]} 87. Kb5 {[%clk 00:02:25]
[%emt 00:00:23]} Rf3 {[%clk 00:01:05] [%emt 00:00:09]} 88. Kxa5 {[%clk 00:02:37]
[%emt 00:00:17]} Rxc3 {[%clk 00:01:33] [%emt 00:00:02]} 89. Qd1 {[%clk 00:02:45]
[%emt 00:00:22]} g5 {[%clk 00:01:34] [%emt 00:00:30]} 90. Kb4 {[%clk 00:02:36]
[%emt 00:00:39]} Rg3 {[%clk 00:01:40] [%emt 00:00:24]} 91. a5 {[%clk 00:02:58]
[%emt 00:00:08]} g4 {[%clk 00:00:44] [%emt 00:01:26]} 92. a6 {[%clk 00:03:14]
[%emt 00:00:14]} 1-0

[Site "Europe Echecs"]

[Event "Grand Swiss "]
[Date "2025.09.06"]
[White "Vidit, Santosh Gujrathi"]
[Black "Predke, Alexandr"]
[WhiteElo "2712"]
[BlackElo "2609"]
[Round "3.3.11"]
[Result "1/2-1/2"]

1. d4 {[%clk 01:40:28] [%emt 00:00:31]} d5 {[%clk 01:40:23] [%emt 00:00:38]} 2.
Nf3 {[%clk 01:40:19] [%emt 00:00:38]} Nf6 {[%clk 01:40:41] [%emt 00:00:11]} 3.
Bf4 {[%clk 01:40:15] [%emt 00:00:35]} Bf5 {[%clk 01:40:31] [%emt 00:00:40]} 4.
c4 {[%clk 01:36:49] [%emt 00:03:56]} e6 {[%clk 01:40:45] [%emt 00:00:17]} 5. Nc3
{[%clk 01:36:52] [%emt 00:00:27]} Nbd7 {[%clk 01:37:33] [%emt 00:03:42]} 6. e3
{[%clk 01:24:57] [%emt 00:12:25]} Bb4 {[%clk 01:34:57] [%emt 00:03:05]} 7. Rc1
{[%clk 01:24:15] [%emt 00:01:12]} O-O {[%clk 01:09:55] [%emt 00:25:32]} 8. Be2
{[%clk 00:47:52] [%emt 00:36:53]} dxc4 {[%clk 01:00:21] [%emt 00:10:05]} 9. Bxc4
{[%clk 00:48:06] [%emt 00:00:16]} Nb6 {[%clk 01:00:31] [%emt 00:00:20]} 10. Bd3
{[%clk 00:45:16] [%emt 00:03:19]} Bxd3 {[%clk 00:56:38] [%emt 00:04:23]} 11.
Qxd3 {[%clk 00:45:44] [%emt 00:00:03]} c5 {[%clk 00:56:58] [%emt 00:00:10]} 12.
O-O {[%clk 00:46:00] [%emt 00:00:14]} cxd4 {[%clk 00:56:31] [%emt 00:00:57]} 13.
Qxd4 {[%clk 00:42:49] [%emt 00:03:40]} Qxd4 {[%clk 00:55:41] [%emt 00:01:20]}
14. Nxd4 {[%clk 00:43:17] [%emt 00:00:03]} Bxc3 {[%clk 00:44:43] [%emt
00:11:27]} 15. Rxc3 {[%clk 00:43:41] [%emt 00:00:06]} Nfd5 {[%clk 00:44:59]
[%emt 00:00:14]} 16. Rcc1 {[%clk 00:41:30] [%emt 00:02:41]} Nxf4 {[%clk
00:35:35] [%emt 00:09:54]} 17. exf4 {[%clk 00:41:58] [%emt 00:00:02]} Rfd8
{[%clk 00:35:57] [%emt 00:00:07]} 18. Rfd1 {[%clk 00:34:51] [%emt 00:07:37]} Rd5
{[%clk 00:31:20] [%emt 00:05:07]} 19. Nb3 {[%clk 00:31:01] [%emt 00:04:20]}
Rxd1+ {[%clk 00:20:06] [%emt 00:11:45]} 20. Rxd1 {[%clk 00:31:25] [%emt
00:00:05]} Rc8 {[%clk 00:20:33] [%emt 00:00:03]} 21. g3 {[%clk 00:28:17] [%emt
00:03:39]} Kf8 {[%clk 00:17:35] [%emt 00:03:28]} 22. Rd2 {[%clk 00:21:15] [%emt
00:07:31]} Ke7 {[%clk 00:17:16] [%emt 00:00:49]} 23. Na5 {[%clk 00:19:57] [%emt
00:01:48]} Rc7 {[%clk 00:12:58] [%emt 00:04:48]} 24. Kf1 {[%clk 00:20:07] [%emt
00:00:20]} g6 {[%clk 00:08:57] [%emt 00:04:31]} 25. Ke2 {[%clk 00:20:14] [%emt
00:00:23]} Nd5 {[%clk 00:09:23] [%emt 00:00:05]} 26. Nb3 {[%clk 00:17:41] [%emt
00:03:03]} Nf6 {[%clk 00:08:23] [%emt 00:01:29]} 27. Kf3 {[%clk 00:12:54] [%emt
00:05:17]} h5 {[%clk 00:08:05] [%emt 00:00:48]} 28. Nd4 {[%clk 00:13:00] [%emt
00:00:25]} a6 {[%clk 00:08:02] [%emt 00:00:33]} 29. Rc2 {[%clk 00:12:11] [%emt
00:01:18]} Rxc2 {[%clk 00:08:03] [%emt 00:00:30]} 30. Nxc2 {[%clk 00:12:39]
[%emt 00:00:01]} Kd6 {[%clk 00:08:21] [%emt 00:00:12]} 1/2-1/2

[Site "Europe Echecs"]

[Event "Grand Swiss "]
[Date "2025.09.06"]
[White "Rapport, Richard"]
[Black "Suleymanli, Aydin"]
[WhiteElo "2711"]
[BlackElo "2602"]
[Round "3.3.12"]
[Result "1/2-1/2"]

1. Nf3 {[%clk 01:40:17] [%emt 00:00:42]} Nf6 {[%clk 01:40:51] [%emt 00:00:09]}
2. g3 {[%clk 01:38:21] [%emt 00:02:26]} d5 {[%clk 01:41:12] [%emt 00:00:09]} 3.
Bg2 {[%clk 01:38:38] [%emt 00:00:12]} e6 {[%clk 01:41:38] [%emt 00:00:05]} 4.
O-O {[%clk 01:38:58] [%emt 00:00:09]} Be7 {[%clk 01:42:06] [%emt 00:00:02]} 5.
c4 {[%clk 01:39:03] [%emt 00:00:25]} O-O {[%clk 01:42:21] [%emt 00:00:15]} 6. b3
{[%clk 01:39:26] [%emt 00:00:07]} c5 {[%clk 01:42:16] [%emt 00:00:35]} 7. d3
{[%clk 01:39:32] [%emt 00:00:24]} Nc6 {[%clk 01:42:07] [%emt 00:00:39]} 8. e3
{[%clk 01:39:54] [%emt 00:00:07]} d4 {[%clk 01:39:32] [%emt 00:03:05]} 9. exd4
{[%clk 01:38:28] [%emt 00:01:57]} cxd4 {[%clk 01:39:52] [%emt 00:00:09]} 10. Re1
{[%clk 01:38:50] [%emt 00:00:07]} Nd7 {[%clk 01:35:39] [%emt 00:04:44]} 11. Na3
{[%clk 01:38:43] [%emt 00:00:36]} Bb4 {[%clk 01:11:49] [%emt 00:24:21]} 12. Re2
{[%clk 01:31:29] [%emt 00:07:44]} e5 {[%clk 01:11:46] [%emt 00:00:34]} 13. Nc2
{[%clk 01:30:51] [%emt 00:01:08]} a5 {[%clk 01:11:47] [%emt 00:00:29]} 14. Nxb4
{[%clk 01:02:08] [%emt 00:29:13]} axb4 {[%clk 01:12:03] [%emt 00:00:14]} 15. a3
{[%clk 01:02:23] [%emt 00:00:15]} f6 {[%clk 01:00:30] [%emt 00:12:03]} 16. Bd2
{[%clk 00:52:13] [%emt 00:10:40]} Qb6 {[%clk 00:51:53] [%emt 00:09:08]} 17. axb4
{[%clk 00:43:59] [%emt 00:08:44]} Rxa1 {[%clk 00:52:16] [%emt 00:00:06]} 18.
Qxa1 {[%clk 00:44:27] [%emt 00:00:02]} Nxb4 {[%clk 00:52:39] [%emt 00:00:08]}
19. Qa3 {[%clk 00:32:17] [%emt 00:12:39]} Nc2 {[%clk 00:52:54] [%emt 00:00:15]}
20. Qa2 {[%clk 00:24:20] [%emt 00:08:27]} Nb4 {[%clk 00:53:14] [%emt 00:00:10]}
21. Qa3 {[%clk 00:12:21] [%emt 00:12:29]} Nc2 {[%clk 00:52:41] [%emt 00:01:02]}
22. Qa2 {[%clk 00:12:46] [%emt 00:00:06]} Nb4 {[%clk 00:53:00] [%emt 00:00:12]}
23. Qa3 {[%emt 00:01:17]} 1/2-1/2

[Site "Europe Echecs"]

[Event "Grand Swiss "]
[Date "2025.09.06"]
[White "Nihal Sarin"]
[Black "Kuzubov, Yuriy"]
[WhiteElo "2693"]
[BlackElo "2600"]
[Round "3.3.13"]
[Result "1/2-1/2"]

1. e4 {[%clk 01:39:55] [%emt 00:01:03]} e5 {[%clk 01:40:54] [%emt 00:00:07]} 2.
Nf3 {[%clk 01:40:20] [%emt 00:00:05]} Nf6 {[%clk 01:41:19] [%emt 00:00:06]} 3.
Nxe5 {[%clk 01:40:41] [%emt 00:00:09]} d6 {[%clk 01:41:44] [%emt 00:00:05]} 4.
Nf3 {[%clk 01:40:55] [%emt 00:00:15]} Nxe4 {[%clk 01:42:07] [%emt 00:00:07]} 5.
Nc3 {[%clk 01:41:21] [%emt 00:00:05]} Nxc3 {[%clk 01:42:16] [%emt 00:00:21]} 6.
dxc3 {[%clk 01:41:46] [%emt 00:00:06]} Be7 {[%clk 01:42:30] [%emt 00:00:15]} 7.
Be3 {[%clk 01:41:32] [%emt 00:00:44]} Nc6 {[%clk 01:42:41] [%emt 00:00:19]} 8.
Bd3 {[%clk 01:40:00] [%emt 00:02:02]} O-O {[%clk 01:18:07] [%emt 00:25:04]} 9.
h4 {[%clk 01:30:54] [%emt 00:09:36]} Ne5 {[%clk 00:55:01] [%emt 00:23:35]} 10.
Nxe5 {[%clk 01:24:18] [%emt 00:07:06]} dxe5 {[%clk 00:53:41] [%emt 00:01:51]}
11. Qf3 {[%clk 01:24:22] [%emt 00:00:26]} f5 {[%clk 00:35:56] [%emt 00:18:15]}
12. O-O-O {[%clk 01:23:28] [%emt 00:01:23]} Bd6 {[%clk 00:29:51] [%emt
00:06:35]} 13. Bc4+ {[%clk 01:20:40] [%emt 00:03:18]} Kh8 {[%clk 00:30:17] [%emt
00:00:04]} 14. Bc5 {[%clk 01:20:31] [%emt 00:00:40]} Qf6 {[%clk 00:23:32] [%emt
00:07:14]} 15. Bxd6 {[%clk 01:19:43] [%emt 00:01:19]} cxd6 {[%clk 00:23:58]
[%emt 00:00:04]} 16. Bd5 {[%clk 00:55:19] [%emt 00:24:55]} Rb8 {[%clk 00:21:46]
[%emt 00:02:42]} 17. c4 {[%clk 00:55:36] [%emt 00:00:13]} Qe7 {[%clk 00:17:09]
[%emt 00:05:07]} 18. Rhe1 {[%clk 00:51:14] [%emt 00:04:53]} Qxh4 {[%clk
00:06:38] [%emt 00:11:01]} 19. Qa3 {[%clk 00:50:35] [%emt 00:01:09]} Be6 {[%clk
00:03:11] [%emt 00:03:57]} 20. Qxd6 {[%clk 00:44:56] [%emt 00:06:08]} Bxd5
{[%clk 00:01:37] [%emt 00:02:04]} 21. cxd5 {[%clk 00:45:21] [%emt 00:00:05]} e4
{[%clk 00:01:36] [%emt 00:00:30]} 22. g3 {[%clk 00:45:34] [%emt 00:00:17]} Qf6
{[%clk 00:00:55] [%emt 00:01:10]} 23. Qa3 {[%clk 00:35:18] [%emt 00:10:47]} Rfd8
{[%clk 00:00:41] [%emt 00:00:45]} 24. Qxa7 {[%clk 00:34:15] [%emt 00:01:33]} Ra8
{[%clk 00:00:43] [%emt 00:00:27]} 25. Qd4 {[%clk 00:34:15] [%emt 00:00:30]} Qxd4
{[%clk 00:00:39] [%emt 00:00:34]} 26. Rxd4 {[%clk 00:34:39] [%emt 00:00:06]}
Rxa2 {[%clk 00:01:05] [%emt 00:00:04]} 27. c4 {[%clk 00:34:30] [%emt 00:00:40]}
b6 {[%clk 00:00:55] [%emt 00:00:41]} 28. Kc2 {[%clk 00:32:52] [%emt 00:02:08]}
h5 {[%clk 00:00:43] [%emt 00:00:42]} 29. Kc3 {[%clk 00:30:12] [%emt 00:03:09]}
g6 {[%clk 00:00:42] [%emt 00:00:31]} 30. Rdd1 {[%clk 00:29:54] [%emt 00:00:48]}
Kg7 {[%clk 00:00:49] [%emt 00:00:24]} 31. Re3 {[%clk 00:22:10] [%emt 00:08:13]}
Kf7 {[%clk 00:00:50] [%emt 00:00:29]} 32. f3 {[%clk 00:22:20] [%emt 00:00:21]}
exf3 {[%clk 00:01:02] [%emt 00:00:18]} 33. Rxf3 {[%clk 00:22:46] [%emt
00:00:04]} Re8 {[%clk 00:00:57] [%emt 00:00:34]} 34. b3 {[%clk 00:20:12] [%emt
00:03:04]} Re5 {[%clk 00:00:35] [%emt 00:00:52]} 35. Kb4 {[%clk 00:19:42] [%emt
00:01:00]} Ra5 {[%clk 00:00:41] [%emt 00:00:24]} 36. Rff1 {[%clk 00:16:16] [%emt
00:03:56]} g5 {[%clk 00:00:45] [%emt 00:00:26]} 37. Rh1 {[%clk 00:08:07] [%emt
00:08:39]} h4 {[%clk 00:00:47] [%emt 00:00:27]} 38. gxh4 {[%clk 00:08:33] [%emt
00:00:04]} g4 {[%clk 00:01:12] [%emt 00:00:04]} 39. h5 {[%clk 00:08:30] [%emt
00:00:34]} Re8 {[%clk 00:00:49] [%emt 00:00:53]} 40. d6 {[%clk 00:06:38] [%emt
00:02:22]} Rd8 {[%clk 00:00:35] [%emt 00:00:44]} 41. h6 {[%clk 00:03:44] [%emt
00:03:24]} Kg8 {[%clk 00:50:30] [%emt 00:00:36]} 42. d7 {[%clk 00:18:25] [%emt
00:35:49]} Kh7 {[%clk 00:45:30] [%emt 00:05:29]} 43. Rd6 {[%clk 00:03:13] [%emt
00:15:43]} Ra7 {[%clk 00:35:03] [%emt 00:10:57]} 44. Rf6 {[%clk 00:01:14] [%emt
00:02:29]} Raxd7 {[%clk 00:33:43] [%emt 00:01:51]} 45. Rxf5 {[%clk 00:01:39]
[%emt 00:00:04]} Rg8 {[%clk 00:33:12] [%emt 00:01:00]} 46. Kb5 {[%clk 00:00:32]
[%emt 00:01:39]} Rg6 {[%clk 00:32:08] [%emt 00:01:33]} 47. b4 {[%clk 00:00:33]
[%emt 00:00:29]} g3 {[%clk 00:30:54] [%emt 00:01:43]} 48. Ka6 {[%clk 00:00:33]
[%emt 00:00:31]} g2 {[%clk 00:29:56] [%emt 00:01:27]} 49. Rg1 {[%clk 00:01:02]}
Rd4 {[%clk 00:29:59] [%emt 00:00:28]} 50. Kb5 {[%clk 00:00:43] [%emt 00:00:50]}
Kxh6 {[%clk 00:27:43] [%emt 00:02:46]} 51. Rf2 {[%clk 00:00:52] [%emt 00:00:21]}
Rg5+ {[%clk 00:24:53] [%emt 00:03:20]} 52. c5 {[%clk 00:01:12] [%emt 00:00:11]}
bxc5 {[%clk 00:24:55] [%emt 00:00:29]} 53. bxc5 {[%clk 00:01:37] [%emt
00:00:05]} Rdg4 {[%clk 00:25:02] [%emt 00:00:22]} 54. Rgxg2 {[%clk 00:01:12]
[%emt 00:00:55]} Rxg2 {[%clk 00:25:26] [%emt 00:00:06]} 55. Rxg2 {[%clk
00:01:38] [%emt 00:00:04]} Rxg2 {[%clk 00:25:52] [%emt 00:00:03]} 56. c6 {[%clk
00:02:04] [%emt 00:00:05]} Rc2 {[%clk 00:26:04] [%emt 00:00:18]} 57. Kb6 {[%clk
00:02:30] [%emt 00:00:04]} Kg7 {[%clk 00:26:25] [%emt 00:00:09]} 58. c7 {[%clk
00:02:55] [%emt 00:00:05]} Kf7 {[%clk 00:26:51] [%emt 00:00:04]} 59. Kb7 {[%clk
00:03:21] [%emt 00:00:04]} Ke7 {[%clk 00:27:16] [%emt 00:00:05]} 60. c8=Q {[%clk
00:03:43] [%emt 00:00:09]} 1/2-1/2

[Site "Europe Echecs"]

[Event "Grand Swiss "]
[Date "2025.09.06"]
[White "Henriquez Villagra, Cristobal"]
[Black "Esipenko, Andrey"]
[WhiteElo "2594"]
[BlackElo "2687"]
[Round "3.3.14"]
[Result "1/2-1/2"]

1. e4 {[%clk 01:40:58] [%emt 00:00:01]} e5 {[%clk 01:40:39] [%emt 00:00:21]} 2.
Nf3 {[%clk 01:41:22] [%emt 00:00:06]} Nc6 {[%clk 01:41:00] [%emt 00:00:09]} 3.
Bc4 {[%clk 01:41:33] [%emt 00:00:19]} Nf6 {[%clk 01:41:16] [%emt 00:00:14]} 4.
d3 {[%clk 01:41:40] [%emt 00:00:23]} Be7 {[%clk 01:41:37] [%emt 00:00:08]} 5.
Nc3 {[%clk 01:41:20] [%emt 00:00:51]} d6 {[%clk 01:41:37] [%emt 00:00:30]} 6. a3
{[%clk 01:40:59] [%emt 00:00:52]} O-O {[%clk 01:41:50] [%emt 00:00:16]} 7. O-O
{[%clk 01:40:29] [%emt 00:01:00]} Bg4 {[%clk 01:36:31] [%emt 00:05:49]} 8. h3
{[%clk 01:38:32] [%emt 00:02:27]} Bxf3 {[%clk 01:36:54] [%emt 00:00:07]} 9. Qxf3
{[%clk 01:38:56] [%emt 00:00:06]} Nd4 {[%clk 01:37:20] [%emt 00:00:05]} 10. Qd1
{[%clk 01:39:20] [%emt 00:00:06]} c6 {[%clk 01:37:45] [%emt 00:00:05]} 11. Ba2
{[%clk 01:33:21] [%emt 00:06:29]} Ne6 {[%clk 01:36:22] [%emt 00:01:54]} 12. Ne2
{[%clk 01:32:15] [%emt 00:01:36]} d5 {[%clk 01:36:15] [%emt 00:00:37]} 13. Ng3
{[%clk 01:32:39] [%emt 00:00:05]} g6 {[%clk 01:35:33] [%emt 00:01:13]} 14. Re1
{[%clk 01:27:34] [%emt 00:05:35]} Qc7 {[%clk 01:33:42] [%emt 00:02:20]} 15. c3
{[%clk 01:14:26] [%emt 00:13:39]} Rfd8 {[%clk 01:27:09] [%emt 00:07:03]} 16. Qf3
{[%clk 01:13:59] [%emt 00:00:56]} h5 {[%clk 01:22:58] [%emt 00:04:41]} 17. Be3
{[%clk 01:08:43] [%emt 00:05:46]} Kg7 {[%clk 01:01:18] [%emt 00:22:10]} 18. Rad1
{[%clk 00:58:48] [%emt 00:10:25]} dxe4 {[%clk 00:58:19] [%emt 00:03:29]} 19.
Nxe4 {[%clk 00:55:47] [%emt 00:03:30]} Nd5 {[%clk 00:58:17] [%emt 00:00:32]} 20.
Bc1 {[%clk 00:51:22] [%emt 00:04:56]} h4 {[%clk 00:53:04] [%emt 00:05:43]} 21.
d4 {[%clk 00:50:20] [%emt 00:01:30]} f5 {[%clk 00:51:42] [%emt 00:01:53]} 22.
dxe5 {[%clk 00:49:55] [%emt 00:00:56]} fxe4 {[%clk 00:50:37] [%emt 00:01:35]}
23. Qxe4 {[%clk 00:50:18] [%emt 00:00:07]} Rf8 {[%clk 00:36:56] [%emt 00:14:11]}
24. Bb1 {[%clk 00:39:49] [%emt 00:10:58]} Rf5 {[%clk 00:24:43] [%emt 00:12:43]}
25. Qg4 {[%clk 00:27:34] [%emt 00:12:45]} Raf8 {[%clk 00:25:04] [%emt 00:00:09]}
26. Bxf5 {[%clk 00:27:45] [%emt 00:00:19]} Rxf5 {[%clk 00:25:32] [%emt
00:00:01]} 27. c4 {[%clk 00:28:08] [%emt 00:00:08]} Nb6 {[%clk 00:25:48] [%emt
00:00:13]} 28. b4 {[%clk 00:28:06] [%emt 00:00:33]} Nd7 {[%clk 00:23:41] [%emt
00:02:36]} 29. c5 {[%clk 00:26:30] [%emt 00:02:06]} Ndf8 {[%clk 00:21:58] [%emt
00:02:12]} 30. Qc4 {[%clk 00:23:00] [%emt 00:11:47]} Qc8 {[%clk 00:15:33] [%emt
00:00:08]} 1/2-1/2

[Site "Europe Echecs"]